[Event "Pardubice KV op"]
[Site "Pardubice"]
[Date "2010.??.??"]
[Round "7"]
[White "Venditti, Raffaele"]
[Black "Prochazka, Pavel"]
[Result "1-0"]
[WhiteElo "1690"]
[BlackElo "1785"]
[PlyCount "77"]
[EventDate "2010.07.??"]
[EventType "swiss"]
[EventRounds "7"]
[EventCountry "CZE"]
[SourceTitle "EXT 2012"]
[Source "ChessBase"]
[SourceDate "2011.11.24"]
[SourceVersion "1"]
[SourceVersionDate "2011.11.24"]
[SourceQuality "1"]

1. c4 f5 2. Nc3 Nf6 3. g3 g6 4. Bg2 Bg7 5. Rb1 e5 6. d3 d6 7. b4 0-0 8. a4 Nc6 9. Nf3 Ng4 10. Qc2 Be6 11. b5 Ne7 12. 0-0 Rc8 13. Ng5 Bd7 14. Bxb7 Rb8 15. Bg2 Rc8 16. h3 Nh6 17. Be3 f4 18. Bxa7 Nef5 19. Bd5+ Kh8 20. gxf4 exf4 21. Nce4 Nd4 22. Bxd4 Bxd4 23. Nf3 Bg7 24. Neg5 Qe7 25. a5 Nf5 26. Kh2 h6 27. Ne4 c6 28. bxc6 Bxc6 29. Bxc6 Rxc6 30. Rb6 Rfc8 31. Qa4 Qe8 32. Rxc6 Rxc6 33. Rb1 Qa8 34. Qb5 Rc8 35. Qb7 Rd8 36. a6 Nd4 37. Qc7 Nxf3+ 38. exf3 Bd4 39. Rb7 1-0